18 Régions, 18 Villes - Statistiques

Statistiques générales
  • Ce quiz a été pris 47 fois
  • Le résultat moyen est 15 sur 18
Statistiques - réponses
Ville Région % Correct
GLP Basse-Terre Guadeloupe
97%
COR Bonifacio Corse
95%
NOR Caen Normandie
95%
PDL Angers Pays de la Loire
92%
PAC Cannes Provence-Alpes-Côte d'Azur
92%
ARA Annecy Auvergne-Rhône-Alpes
89%
HDF Dunkerque Hauts-de-France
86%
IDF Nanterre Île-de-France
86%
BRE Quimper Bretagne
84%
NAQ La Rochelle Nouvelle-Aquitaine
84%
REU Le Tampon La Réunion
81%
BFC Besançon Bourgogne-Franche-Comté
78%
CVL Chartres Centre-Val de Loire
78%
MYT Mamoudzou Mayotte
78%
OCC Perpignan Occitanie
78%
GES Mulhouse Grand Est
76%
MTQ Le Lamentin Martinique
73%
GUF Matoury Guyane
59%
Aucun quiz correspondant
Distribution des résultats
% des personnes avec chaque résultat
Percentile par nombre de réponses
Votre historique - résultats
Vous n’avez pas pris ce quiz